| 000 | 00569cab a2200229 4500 | ||
|---|---|---|---|
| 001 | X97293 | ||
| 008 | 090401t1999 xxu||||| |||| 00| 0 eng d | ||
| 035 | _a(Sirsi) u91966 | ||
| 041 | _aeng | ||
| 245 | _aBudd v Colchester BC | ||
| 260 | _c1999 | ||
| 350 | _a0 | ||
| 490 |
_aNew Property Cases _v[1999] NPC 30, (2) |
||
| 650 | _aBARKING DOGS | ||
| 650 | _aBUDD V COLCHESTER BC | ||
| 650 | _aENVIRONMENT PROTECTION ACT 1990 | ||
| 650 | _aENVIRONMENTAL HAZARD | ||
| 650 | _aSTATUTORY NUISANCE | ||
| 690 | _aLAW-CASE LAW | ||
| 942 | _n0 | ||
| 948 | _c11/03/1999 | ||
| 999 |
_c58316 _d58316 |
||